Harry Potter: la Divination - Statistiques

Statistiques générales
  • Ce quiz a été pris 82 fois
  • Le résultat moyen est 6 sur 14
Statistiques - réponses
Information Réponses % Correct
Professeur Sibylle Trelawney
97%
Année à partir de laquelle on peut l'étudier 3e année
91%
Première apparition Harry Potter et la Chambre des Secrets
78%
Professeur Firenze
76%
Dernière apparition Harry Potter et le Prince de Sang-Mêlé
76%
Matière apprise Lecture de l'avenir dans des boules de cristal
57%
Matière apprise Lecture de l'avenir dans les feuilles de thé
51%
Matière apprise Chiromancie
35%
Livre Lever le voile du futur
24%
Salle de cours Tour nord
16%
Matière apprise Astrologie
15%
Livre L'oracle des rêves
10%
Salle de cours Salle 11
10%
Matière apprise Xylomancie
7%
Aucun quiz correspondant
Distribution des résultats
% des personnes avec chaque résultat
Percentile par nombre de réponses
Votre historique - résultats
Vous n’avez pas pris ce quiz